000
00221nam a2200097Ia 4500
008
190216s9999||||xx |||||||||||||| ||und||
100
_a
Madavan Nambiar
245
0
_a
J J Thomson
260
_b
Kerala Basha Inst
942
_c
BK
999
_c
39101
_d
39101